00949nam a2200181 a 4500008004100000050001500041100002400056245004300080250001300123260004000136300002000176350000900196995014100205995014500346999001700491952013400508952012500642120416s1978 ||||||||||||||||| || u aHM 131 Kat aKatz, Daniel, 1903-14aThe social psychology of organizations a2nd. ed. aNew YorkbJohn Wiley and Sonsc1978 avi, 838P. : ill a0.00 aMAIN LIBRARY OPEN ACCESSD0.00e008726FCBU-MAIN LIBRARY (Kitwe)H1I0.00jHM 131 KatULOSTy008726ZMain Library Open Access Collection aANNEX COLLECTION (Main Library)D0.00e008727FCBU-MAIN LIBRARY (Kitwe)H2I0.00jHM 131 KatUAVAILABLEy008727ZAnnex Low-Usage Collection  c76593d76593 00102lcc4070a001b001cMain Library Open Access Collectiond2023-04-25l0oHM 131 Katp008726r2023-04-25t1w2023-04-25y002 00102lcc4070a001b001cAnnex Low-Usage Collectiond2023-04-25l0oHM 131 Katp008727r2023-04-25t2w2023-04-25y002